<?xml version="1.0" encoding="UTF-8"?>
<record
    xmlns:xsi="http://www.w3.org/2001/XMLSchema-instance"
    xsi:schemaLocation="http://www.loc.gov/MARC21/slim http://www.loc.gov/standards/marcxml/schema/MARC21slim.xsd"
    xmlns="http://www.loc.gov/MARC21/slim">

  <leader>01049cam a2200277 i 4500</leader>
  <controlfield tag="001">82521</controlfield>
  <controlfield tag="003">BD-RjUL</controlfield>
  <controlfield tag="005">20231223110710.0</controlfield>
  <controlfield tag="008">231223s1998    pk            000 0 urd  </controlfield>
  <datafield tag="035" ind1=" " ind2=" ">
    <subfield code="a">(BD-RjUL)82521</subfield>
  </datafield>
  <datafield tag="040" ind1=" " ind2=" ">
    <subfield code="a">DLC</subfield>
    <subfield code="b">eng</subfield>
    <subfield code="e">rda</subfield>
    <subfield code="c">DLC</subfield>
  </datafield>
  <datafield tag="041" ind1="1" ind2=" ">
    <subfield code="a">urd</subfield>
    <subfield code="a">per</subfield>
    <subfield code="h">per</subfield>
  </datafield>
  <datafield tag="082" ind1=" " ind2=" ">
    <subfield code="2">23</subfield>
    <subfield code="a">891.551</subfield>
    <subfield code="b">SAF 1998</subfield>
  </datafield>
  <datafield tag="100" ind1="0" ind2=" ">
    <subfield code="a">&#x200F;&#x633;&#x639;&#x62F;&#x649;. ;; Sa&#x2BB;d&#x12B;,</subfield>
    <subfield code="e">author.</subfield>
    <subfield code="9">10657</subfield>
  </datafield>
  <datafield tag="245" ind1="1" ind2="0">
    <subfield code="a">&#x646;&#x633;&#x62E;&#x647;&#x654; &#x635;&#x62D;&#x6CC;&#x62D;&#x647;&#x654; &#x6AF;&#x644;&#x633;&#x62A;&#x627;&#x646; : &#x645;&#x639; &#x641;&#x631;&#x647;&#x646;&#x6AF; / Nuskhah-'i &#x1E63;a&#x1E25;&#x12B;&#x1E25;ah-'i Gulist&#x101;n ma&#x2BB;a Farhang /</subfield>
  </datafield>
  <datafield tag="246" ind1="1" ind2="4">
    <subfield code="a">&#x12A;n kit&#x101;b musamm&#xE1; bih Gulist&#x101;n</subfield>
  </datafield>
  <datafield tag="264" ind1=" " ind2="1">
    <subfield code="a">L&#x101;hawr :&#x200F;&#x644;&#x627;&#x647;&#x648;&#x631; :&#x200F;  :</subfield>
    <subfield code="b">Malik D&#x12B;n Mu&#x1E25;ammad,&#x200F;&#x645;&#x644;&#x6A9; &#x62F;&#x64A;&#x646; &#x645;&#x62D;&#x645;&#x62F;&#x60C;&#x200F; ,</subfield>
    <subfield code="c">1998</subfield>
  </datafield>
  <datafield tag="300" ind1=" " ind2=" ">
    <subfield code="a">24, 244 pages ;</subfield>
    <subfield code="c">28 cm</subfield>
  </datafield>
  <datafield tag="650" ind1=" " ind2=" ">
    <subfield code="a">Persian Literature</subfield>
  </datafield>
  <datafield tag="700" ind1="0" ind2="2">
    <subfield code="a">Sa&#x2BB;d&#x12B;.</subfield>
  </datafield>
  <datafield tag="906" ind1=" " ind2=" ">
    <subfield code="a">7</subfield>
    <subfield code="b">cbc</subfield>
    <subfield code="c">orignew</subfield>
    <subfield code="d">2</subfield>
    <subfield code="e">ncip</subfield>
    <subfield code="f">20</subfield>
    <subfield code="g">y-nonroman</subfield>
  </datafield>
  <datafield tag="942" ind1=" " ind2=" ">
    <subfield code="2">ddc</subfield>
    <subfield code="c">BK</subfield>
  </datafield>
  <datafield tag="999" ind1=" " ind2=" ">
    <subfield code="c">82521</subfield>
    <subfield code="d">82521</subfield>
  </datafield>
  <datafield tag="952" ind1=" " ind2=" ">
    <subfield code="0">0</subfield>
    <subfield code="1">0</subfield>
    <subfield code="2">ddc</subfield>
    <subfield code="4">0</subfield>
    <subfield code="7">1</subfield>
    <subfield code="8">NFIC</subfield>
    <subfield code="a">RUCL</subfield>
    <subfield code="b">RUCL</subfield>
    <subfield code="c">Reading</subfield>
    <subfield code="d">2023-12-23</subfield>
    <subfield code="l">0</subfield>
    <subfield code="o">F 891.551 SAF 1998</subfield>
    <subfield code="r">2023-12-23 00:00:00</subfield>
    <subfield code="t">C-1</subfield>
    <subfield code="w">2023-12-23</subfield>
    <subfield code="y">BK</subfield>
  </datafield>
</record>
